| 000 | 00000nam##2200000za#4500 |
| 001 | 9.567774 |
| 003 | CaOODSP |
| 005 | 20210624180936 |
| 007 | cr ||||||||||| |
| 008 | 150406|1999||||xxc|||||o f|0| 0 eng|d |
| 040 | |aCaOODSP|beng |
| 043 | |an-cn--- |
| 086 | 1 |aBT31-2/2000-III-59E-PDF |
| 110 | 1 |aCanada. |bTreasury Board. |
| 245 | 10|aCanadian Intergovernmental Conference Secretariat, 1999-2000 estimates, report on plans and priorities, approved |h[electronic resource] |
| 260 | |bTreasury Board of Canada Secretariat |c[1999]. |
| 300 | |a18p.|borganization chart, tables |
| 490 | 1 |a1999-2000 estimates. Part III, Report on plans and priorities |v1999-2000 |
| 590 | |a10-13-Supp|b2010-11-23 |
| 775 | 08|tSecrétariat des conférences intergouvernementales canadiennes, 1999-2000 budget des dépenses, rapport sur les plans et les priorités, approuvé |w(CaOODSP)9.599098 |
| 776 | 0#|tCanadian Intergovernmental Conference Secretariat |w(CaOODSP)9.531668 |
| 776 | 0#|tSecrétariat des conférences intergouvernementales canadiennes |w(CaOODSP)9.531669 |
| 830 | #0|a1999-2000 estimates. Part III, Report on plans and priorities ;|v1999-2000|w(CaOODSP)9.505715 |
| 856 | 40|ahttp://publications.gc.ca|qPDF|s56 KB|uhttps://publications.gc.ca/collections/Collection/BT31-2-2000-III-59E.pdf|y1999-2000 |